Welcome to CU Library Online Public Access Catalogue (OPAC)

Case briefs : (Record no. 205)

MARC details
000 -LEADER
fixed length control field 00710cam a2200193 i 4500
001 - CONTROL NUMBER
control field 19044149
005 - DATE AND TIME OF LATEST TRANSACTION
control field 20241025155409.0
008 - FIXED-LENGTH DATA ELEMENTS--GENERAL INFORMATION
fixed length control field 160406s2015 gh v 000 0 eng
020 ## - INTERNATIONAL STANDARD BOOK NUMBER
International Standard Book Number 9789964705558
Qualifying information volume 1
020 ## - INTERNATIONAL STANDARD BOOK NUMBER
International Standard Book Number 9789964705541
Qualifying information volume 2
050 00 - LIBRARY OF CONGRESS CALL NUMBER
Classification number KRX940
Item number .A984 2015
100 1# - MAIN ENTRY--PERSONAL NAME
Personal name Atupare, Atudiwe P.
245 10 - TITLE STATEMENT
Title Case briefs :
Remainder of title the law of torts in Ghana /
Statement of responsibility, etc. Dr. Atudiwe P. Atupare, B.A., LL.B.(Gh), M.A.(Brock) LL.M. PhD (Queen's Canada).
260 ## - PUBLICATION, DISTRIBUTION, ETC.
Place of publication, distribution, etc. Accra, Ghana
Name of publisher, distributor, etc. Letters and Marks Prepublishing
Date of publication, distribution, etc. 2015
300 ## - PHYSICAL DESCRIPTION
Extent 2 volumes ;
Dimensions 23 cm
650 #0 - SUBJECT ADDED ENTRY--TOPICAL TERM
Topical term or geographic name entry element Torts
Geographic subdivision Ghana
Form subdivision Cases.
856 41 - ELECTRONIC LOCATION AND ACCESS
Materials specified Table of contents only
Uniform Resource Identifier <a href="https://www.loc.gov/catdir/toc/fy17pdf01/2015333262.html">https://www.loc.gov/catdir/toc/fy17pdf01/2015333262.html</a>
942 ## - ADDED ENTRY ELEMENTS (KOHA)
Source of classification or shelving scheme Library of Congress Classification
Koha item type Books
Suppress in OPAC No
999 ## -
-- 205
-- 205
Holdings
Withdrawn status Lost status Source of classification or shelving scheme Damaged status Not for loan Collection Home library Current library Shelving location Date acquired Total checkouts Full call number Barcode Date last seen Copy number Price effective from Koha item type
    Library of Congress Classification     Non-fiction Law Library (Christ Temple) Law Library (Christ Temple) Reference 05/12/2025   KRX940.At9 ATU LLCT00000650 05/12/2025 1 05/12/2025 Books
    Library of Congress Classification     Non-fiction Law Library (Christ Temple) Law Library (Christ Temple) Reference 05/12/2025   KRX940.At9 ATU LLCT00000651 05/12/2025 2 05/12/2025 Books
    Library of Congress Classification     Non-fiction Law Library (Miotso) Law Library (Miotso) Reference 10/25/2024   KRX940.A984 ATU llm00000263 10/25/2024 1 10/25/2024 Books
© 2023-2024 Copyright: Central University Libraries. All Rights Reserved | Created by: Mahone Tech Office